000 00687nam a2200289Ia 4500
005 20260324133938.0
008 008 260324s9999 xx 000 0 eng d
020 _a9781315804569
037 _aEBOOK
040 _aCRL
040 _beng
040 _cCRL
041 _2eng
041 _aeng
084 _qCRL
100 _aD.J. Lewkowicz; R. Lickliter
_91194981
245 0 _aConceptions of Development
245 0 _bLessons from the Laboratory
260 _bTaylor and Francis
260 _c2002
365 _a
365 _b230
856 _uhttp://www.taylorfrancis.com/books/9781315804569
942 _cEBOOK
999 _c1794563
_d1794563